|
|
|
|
| LEADER |
02220nam a2200589 i 4500 |
| 001 |
nkc20223439571 |
| 003 |
CZ PrNK |
| 005 |
20241004115314.0 |
| 007 |
ta |
| 008 |
220801s2022 xr c e 000 0 cze |
| 015 |
|
|
|a cnb003439571
|
| 020 |
|
|
|a 978-80-88383-33-8
|q (brožováno)
|
| 035 |
|
|
|a (OCoLC)1354196678
|
| 040 |
|
|
|a ABA001
|b cze
|e rda
|
| 043 |
|
|
|a e-xo---
|a e-xr---
|
| 045 |
|
|
|a y-y-
|
| 072 |
|
7 |
|a 791
|x Film. Cirkus. Lidová zábava
|2 Konspekt
|9 3
|
| 080 |
|
|
|a 791.229.2-051
|2 MRF
|
| 080 |
|
|
|a 791.229.2-055.2
|2 MRF
|
| 080 |
|
|
|a 791.229.2
|2 MRF
|
| 080 |
|
|
|a 791.62-026.15
|2 MRF
|
| 080 |
|
|
|a (437.6)
|2 MRF
|
| 080 |
|
|
|a (437.3)
|2 MRF
|
| 080 |
|
|
|a (047.53)
|2 MRF
|
| 245 |
0 |
0 |
|a Jak se dělá dokument :
|b autoři a tvůrčí metody /
|c Andrea Slováková, Peter Kerekes eds.
|
| 250 |
|
|
|a 1. vydání
|
| 264 |
|
1 |
|a Praha :
|b Nová beseda,
|c 2022
|
| 300 |
|
|
|a 239 stran :
|b portréty ;
|c 21 cm
|
| 336 |
|
|
|a text
|b txt
|2 rdacontent
|
| 337 |
|
|
|a bez média
|b n
|2 rdamedia
|
| 338 |
|
|
|a svazek
|b nc
|2 rdacarrier
|
| 648 |
|
7 |
|a 21. století
|7 ch460559
|2 czenas
|
| 650 |
0 |
7 |
|a dokumentaristé
|7 ph565262
|z Slovensko
|y 21. století
|2 czenas
|
| 650 |
0 |
7 |
|a dokumentaristky
|7 ph884917
|z Slovensko
|y 21. století
|2 czenas
|
| 650 |
0 |
7 |
|a dokumentaristé
|7 ph565262
|z Česko
|y 21. století
|2 czenas
|
| 650 |
0 |
7 |
|a dokumentaristky
|7 ph884917
|z Česko
|y 21. století
|2 czenas
|
| 650 |
0 |
7 |
|a dokumentární film
|7 ph135150
|x metody
|2 czenas
|
| 650 |
0 |
7 |
|a filmová tvorba
|7 ph174785
|2 czenas
|
| 650 |
0 |
9 |
|a documentarists
|z Slovakia
|y 21st century
|2 eczenas
|
| 650 |
0 |
9 |
|a women documentarists
|z Slovakia
|y 21st century
|2 eczenas
|
| 650 |
0 |
9 |
|a documentarists
|z Czechia
|y 21st century
|2 eczenas
|
| 650 |
0 |
9 |
|a women documentarists
|z Czechia
|y 21st century
|2 eczenas
|
| 650 |
0 |
9 |
|a documentary film
|x methods
|2 eczenas
|
| 650 |
0 |
9 |
|a art of film production
|2 eczenas
|
| 655 |
|
7 |
|a rozhovory
|7 fd133303
|2 czenas
|
| 655 |
|
9 |
|a interviews
|2 eczenas
|
| 700 |
1 |
|
|a Slováková, Andrea,
|d 1981-
|7 osa2013761006
|4 edt
|
| 700 |
1 |
|
|a Kerekes, Peter,
|d 1973-
|7 kup20000000047769
|4 edt
|
| 910 |
2 |
|
|a BOA001
|b 2-1502.979
|
| 990 |
|
|
|a BK
|
| 995 |
|
|
|a 01
|
| 996 |
6 |
|
|b 2610930581
|c 2-1502.979
|l MZK
|r Sklad / do 1 hodiny
|n 0
|p p.v.
|w 001914876
|u 000010
|a 1
|e BOA001
|j MZK50
|s P
|